00780 a2200253 4500003000400000005001700004008004100021010001400062020002200076035001300098037001500111040000900126082000800135100003200143245008100175260004800256270005100304300002600355600002000381650001400401650002000415700002200435856006900457dpl20200801102454.0080905t xxu||||| |||| 00| 0aeng d aENG-87559 a812592017Xc95.00 aEN-71092 bDBAD / PUB cdbad a921 aGandhi, Mohandas Karamchand aAn autobiography or my experiments with truthcby Mohandas Karamchand Gandhi aNew DelhibMadhuban Educational Booksc2006 a576, Masjit Road, JangpurabNew Delhie110 014 a116 p.c21 cm ( pbk.) aMahatma Gandhi  aBiography aGandian studies a Das, Varsha, tr. uhttp://www.arvindguptatoys.com/arvindgupta/gandhiexperiments.pdf